Central Library OPAC University of Rajshahi

বৈদিক ব্যাকরণ / (Record no. 39043)

MARC details
000 -LEADER
fixed length control field 00875nam a2200241 a 4500
001 - CONTROL NUMBER
control field 39043
003 - CONTROL NUMBER IDENTIFIER
rucl marc code BD-RjUL
005 - DATE AND TIME OF LATEST TRANSACTION
control field 20211209052914.0
008 - FIXED-LENGTH DATA ELEMENTS--GENERAL INFORMATION
fixed length control field 160404s2010 bg ||||e |||| 00| 0 ben d
020 ## - INTERNATIONAL STANDARD BOOK NUMBER
International Standard Book Number 9840748904:
Terms of availability Tk.100.00
035 ## - SYSTEM CONTROL NUMBER
System control number (BD-RjUL)39154
040 ## - CATALOGING SOURCE
Original cataloging agency BD-RjUL
Language of cataloging ben
Transcribing agency BD-RjUL
041 ## - LANGUAGE CODE
Language code of text/sound track or separate title ben
082 ## - DEWEY DECIMAL CLASSIFICATION NUMBER
Edition number 23
Classification number 491.25
Author mark and year TAV 2010
100 ## - MAIN ENTRY--PERSONAL NAME
Personal name তরফদার, ধীরেন্দ্রনাথ
9 (RLIN) 120517
245 ## - TITLE STATEMENT
Title বৈদিক ব্যাকরণ /
Statement of responsibility, etc. ধীরেন্দ্রনাথ তরফদার
260 ## - PUBLICATION, DISTRIBUTION, ETC. (IMPRINT)
Place of publication, distribution, etc. ঢাকা :
Name of publisher, distributor, etc. বাংলা একাডেমী,
Date of publication, distribution, etc. ২০১০
300 ## - PHYSICAL DESCRIPTION
Pagination [৬] ১৩৬ পৃ.;
Size ২১সে.মি.
504 ## - BIBLIOGRAPHY, ETC. NOTE
Bibliography, etc গ্রন্থপঞ্জি সম্বলিত
650 ## - SUBJECT ADDED ENTRY--TOPICAL TERM
Topical term or geographic name as entry element বৈদিক বাকরণ
9 (RLIN) 120518
Topical term or geographic name as entry element Vedic Grammar
9 (RLIN) 120519
942 ## - ADDED ENTRY ELEMENTS (KOHA)
Source of classification or shelving scheme Dewey Decimal Classification
Koha item type Books
Holdings
Lost status Source of classification or shelving scheme Damaged status Not for loan Collection code Permanent Location Current Location Shelving location Date acquired Source of acquisition Cost, normal purchase price Total Checkouts Full call number Date last seen Copy number Koha item type Date checked out
  Dewey Decimal Classification   Not For Loan Non-fiction Central Library, University of Rajshahi Central Library, University of Rajshahi Reading Room 23/06/2013 Bangla Academy, Dhaka. 100.00   B 491.25 TAV 2010 04/04/2016 C-1 Books  
  Dewey Decimal Classification     Non-fiction Central Library, University of Rajshahi Central Library, University of Rajshahi   23/06/2013 Bangla Academy, Dhaka. 100.00 6 B 491.25 TAV 2010 17/07/2025 C-2 Books 02/07/2025
  Dewey Decimal Classification     Non-fiction Central Library, University of Rajshahi Central Library, University of Rajshahi   23/06/2013 Bangla Academy, Dhaka. 100.00 1 B 491.25 TAV 2010 01/11/2018 C-3 Books 25/09/2018
  Dewey Decimal Classification     Non-fiction Central Library, University of Rajshahi Central Library, University of Rajshahi   31/07/2012 Bangla Academy,Dhaka 100.00 1 B 491.25 TAV 2010 15/09/2019 C-4 Books 04/09/2019